01474nam a22003374a 4500001001200000003000800012006001900020007001500039008004100054010001700095020003500112020003500147040002100182035002000203050002600223082001800249245017400267260006300441300001700504490005300521504005100574533015200625650003900777650003900816655002900855700003800884710001700922830005600939856012600995999001501121ebr10026371CaPaEBRm u cr cn|||||||||990331s2000 nyu sb 001 0 eng  z 99028354  z0791444651 (hard : alk. paper) z079144466X (pbk. : alk. paper) aCaPaEBRcCaPaEBR a(OCoLC)4573314514aLB2154.A3bC65 2000eb04a370/.71/122100aCollaborative reform and other improbable dreamsh[electronic resource] :bthe challenges of professional development schools /cedited by Marilyn Johnston ... [et al.]. aAlbany, N.Y. :bState University of New York Press,c2000. axiii, 297 p.1 aSUNY series, teacher preparation and development aIncludes bibliographical references and index. aElectronic reproduction.bPalo Alto, Calif. :cebrary,d2013.nAvailable via World Wide Web.nAccess may be limited to ebrary affiliated libraries. 0aLaboratory schoolszUnited States. 0aEducational changezUnited States. 7aElectronic books.2local1 aJohnston-Parsons, Marilyn,d1942-2 aebrary, Inc. 0aSUNY series in teacher preparation and development.40uhttp://site.ebrary.com/lib/rucke/Doc?id=10026371zAn electronic book accessible through the World Wide Web; click to view c8695d8695